000 00474nam a2200157Ia 4500
008 231217s9999 xx 000 0 und d
041 _aEnglish
082 _a621.38411 KUM;10
100 _aKumaraswamy, D. Srinivas, M S. Giridhar, K.
245 0 _aAntenna and propagation : for BE, EC and TC as per revised VTU syllabus
250 _a1st ed.
260 _c2009-10
_bPooja publications
_aBangalore
300 _a336
650 _aAntenna,propagation,BE,
942 _cAA
999 _c196237
_d196237